[Event "NEP-ch (Women)"]
[Site "Kathmandu"]
[Date "2023.04.23"]
[Round "9"]
[White "Shrestha, Riya"]
[Black "Bhandari, Pooja"]
[Result "1-0"]
[WhiteElo "1134"]
[BlackElo "1484"]
[PlyCount "50"]
[EventDate "2023.04.18"]
[EventType "tourn"]
[EventRounds "9"]
[EventCountry "NEP"]
[SourceTitle "EXT 2024"]
[Source "ChessBase"]
[SourceDate "2023.10.10"]
[SourceVersion "1"]
[SourceVersionDate "2023.10.10"]
[SourceQuality "1"]

1. e4 e5 2. Nf3 Nc6 3. Bc4 Bc5 4. 0-0 Nf6 5. d3 h6 6. Nc3 d6 7. h3 a6 8. Bb3 Na5 9. Be3 Nxb3 10. axb3 Nd7 11. Qe2 0-0 12. d4 exd4 13. Nxd4 Ne5 14. Nf3 Nxf3+ 15. Qxf3 Bxe3 16. Qxe3 f5 17. Qd4 fxe4 18. Qd5+ Kh8 19. Nxe4 Qh4 20. Rfe1 Rf5 21. Qd3 Bd7 22. Qg3 Qh5 23. Qc3 Bc6 24. Ng3 Qg5 25. h4 Qg4 1-0

[Event "NEP-ch (Women)"]
[Site "Kathmandu"]
[Date "2023.04.22"]
[Round "7"]
[White "Bhandari, Pooja"]
[Black "Prasai, Punam"]
[Result "1-0"]
[WhiteElo "1484"]
[BlackElo "1350"]
[PlyCount "101"]
[EventDate "2023.04.18"]
[EventType "tourn"]
[EventRounds "9"]
[EventCountry "NEP"]
[SourceTitle "EXT 2024"]
[Source "ChessBase"]
[SourceDate "2023.10.10"]
[SourceVersion "1"]
[SourceVersionDate "2023.10.10"]
[SourceQuality "1"]

1. e4 e6 2. d4 d5 3. Nd2 c5 4. c3 c4 5. Ngf3 Nf6 6. exd5 exd5 7. Ne5 Bd6 8. Ndf3 Bg4 9. Bg5 h6 10. Bxf6 Qxf6 11. Nxg4 Qf4 12. Qe2+ Be7 13. Ne3 Qe4 14. g3 Nd7 15. Bg2 Qe6 16. 0-0 0-0-0 17. Rfe1 g5 18. Nxd5 Qxd5 19. Qxe7 Qf5 20. Qe4 Qb5 21. Qe2 f5 22. b3 Qa5 23. Qxc4+ Kb8 24. b4 Qb6 25. Re6 Qc7 26. Qxc7+ Kxc7 27. Rae1 f4 28. Re7 g4 29. Ne5 f3 30. Nxd7 Rxd7 31. Rxd7+ Kxd7 32. Bf1 h5 33. h3 Kd6 34. hxg4 hxg4 35. Re4 Rg8 36. Bc4 Rg6 37. Bf7 Rg5 38. Be6 a5 39. Bxg4 axb4 40. cxb4 Rb5 41. Re6+ Kc7 42. a3 Rg5 43. Bxf3 Rg8 44. Re7+ Kd6 45. Rxb7 Rc8 46. a4 Rc1+ 47. Kg2 Ra1 48. a5 Rc1 49. a6 Ra1 50. a7 Ra4 51. Rh7 1-0

[Event "Budha Bhandari Memorial"]
[Site "Budhanilkantha"]
[Date "2019.11.13"]
[Round "8"]
[White "Bhandari, Pooja"]
[Black "Ghimire, Kapil"]
[Result "0-1"]
[WhiteElo "1602"]
[BlackElo "1239"]
[PlyCount "56"]
[EventDate "2019.11.09"]
[EventType "swiss"]
[EventRounds "9"]
[EventCountry "NEP"]
[SourceTitle "CBM 193 Extra"]
[Source "ChessBase"]
[SourceDate "2020.01.31"]
[SourceVersion "1"]
[SourceVersionDate "2020.01.31"]
[SourceQuality "1"]

1. e4 e5 2. Nf3 Nc6 3. Bc4 Be7 4. Nc3 Nf6 5. 0-0 d6 6. h3 0-0 7. Bb3 Be6 8. d4 Nxd4 9. Nxd4 exd4 10. Qxd4 Qd7 11. Qd3 Rfe8 12. Qf3 c6 13. Bf4 Rad8 14. Rad1 Qc7 15. Be3 Bf8 16. Bg5 Be7 17. Rfe1 Qa5 18. Be3 d5 19. e5 Nd7 20. Qg3 Nf8 21. Bh6 Ng6 22. Bd2 Qb6 23. Na4 Qc7 24. Nc3 Bh4 25. Qe3 d4 26. Qe4 dxc3 27. Bxc3 Bd5 28. Bxd5 Rxd5 0-1

[Event "Budha Bhandari Memorial"]
[Site "Budhanilkantha"]
[Date "2019.11.13"]
[Round "7"]
[White "Timalsina, Binod"]
[Black "Bhandari, Pooja"]
[Result "1-0"]
[WhiteElo "1278"]
[BlackElo "1602"]
[PlyCount "127"]
[EventDate "2019.11.09"]
[EventType "swiss"]
[EventRounds "9"]
[EventCountry "NEP"]
[SourceTitle "CBM 193 Extra"]
[Source "ChessBase"]
[SourceDate "2020.01.31"]
[SourceVersion "1"]
[SourceVersionDate "2020.01.31"]
[SourceQuality "1"]

1. e4 e5 2. Nf3 Nc6 3. Bc4 Bc5 4. c3 Nf6 5. d3 d5 6. exd5 Nxd5 7. Bg5 Qd6 8. Nbd2 h6 9. Bh4 Nf4 10. Ne4 Qf8 11. Rg1 Bf5 12. Qc2 f6 13. 0-0-0 0-0-0 14. Bb5 Bxe4 15. dxe4 Rxd1+ 16. Qxd1 Qe8 17. Nd2 Qe6 18. Nb3 Bb6 19. Bg3 Rd8 20. Qc2 Qg4 21. Kb1 Ne7 22. h3 Qg5 23. Bxf4 Qxf4 24. Rf1 a6 25. Bc4 a5 26. f3 a4 27. Nc1 Qd2 28. Qxa4 Kb8 29. Be2 Qg5 30. g4 Nc6 31. Bb5 Na7 32. Bc4 Qh4 33. Rd1 Rf8 34. Qd7 Nc6 35. Qxg7 Bc5 36. Nb3 Be7 37. Bb5 Qxh3 38. Bxc6 Qxf3 39. Qxe7 Qxd1+ 40. Nc1 Qd8 41. Qxd8+ Rxd8 42. Bd5 c6 43. Be6 Rd1 44. Kc2 Rg1 45. a3 Kc7 46. b4 Kd6 47. Bf5 Rh1 48. Ne2 Rh2 49. Kd3 b6 50. a4 Rh1 51. Kc4 Re1 52. Ng3 Re3 53. Nh5 Ke7 54. a5 b5+ 55. Kb3 Re1 56. Ng7 Rd1 57. Ne6 Kd6 58. Ng7 Rh1 59. a6 Ra1 60. Kb2 Rh1 61. a7 Rh2+ 62. Kb3 Rh1 63. a8Q Rb1+ 64. Kc2 1-0

[Event "Budha Bhandari Memorial"]
[Site "Budhanilkantha"]
[Date "2019.11.11"]
[Round "4"]
[White "Bhandari, Pooja"]
[Black "Orunbaev, Bael"]
[Result "1/2-1/2"]
[WhiteElo "1602"]
[BlackElo "1137"]
[PlyCount "42"]
[EventDate "2019.11.09"]
[EventType "swiss"]
[EventRounds "9"]
[EventCountry "NEP"]
[SourceTitle "CBM 193 Extra"]
[Source "ChessBase"]
[SourceDate "2020.01.31"]
[SourceVersion "1"]
[SourceVersionDate "2020.01.31"]
[SourceQuality "1"]

1. e4 e5 2. Nf3 Nc6 3. Bc4 Nd4 4. c3 Nxf3+ 5. Qxf3 Qf6 6. Qxf6 Nxf6 7. d3 h6 8. Be3 Be7 9. h3 c6 10. Nd2 d5 11. Bb3 Be6 12. 0-0 Nd7 13. f4 exf4 14. Bxf4 0-0 15. Rac1 Nc5 16. Rf3 dxe4 17. dxe4 Nxb3 18. axb3 f5 19. Re1 fxe4 20. Nxe4 Bxb3 21. Nd2 Bc5+ 1/2-1/2

[Event "Budha Bhandari Memorial"]
[Site "Budhanilkantha"]
[Date "2019.11.10"]
[Round "3"]
[White "Maharjan, Saroj"]
[Black "Bhandari, Pooja"]
[Result "1-0"]
[WhiteElo "1927"]
[BlackElo "1602"]
[PlyCount "60"]
[EventDate "2019.11.09"]
[EventType "swiss"]
[EventRounds "9"]
[EventCountry "NEP"]
[SourceTitle "CBM 193 Extra"]
[Source "ChessBase"]
[SourceDate "2020.01.31"]
[SourceVersion "1"]
[SourceVersionDate "2020.01.31"]
[SourceQuality "1"]

1. d4 d5 2. c4 c6 3. Nc3 Bf5 4. cxd5 cxd5 5. Bf4 Nc6 6. Nf3 Nf6 7. e3 a6 8. Be2 e6 9. 0-0 Bd6 10. Bg5 h6 11. Bh4 0-0 12. Bd3 Be7 13. Bxf5 exf5 14. Bxf6 Bxf6 15. Qb3 Na5 16. Qxd5 Qxd5 17. Nxd5 Bd8 18. b4 Nc6 19. a4 Rc8 20. Rac1 Ne7 21. Rxc8 Nxc8 22. Rc1 Ne7 23. Nxe7+ Bxe7 24. b5 axb5 25. axb5 Ra8 26. g3 Ra5 27. Rc7 Bb4 28. Rxb7 f6 29. b6 Rb5 30. Rb8+ Kh7 1-0